000 00754nam a2200229 i 4500
001 42168
003 ES-MaACL
005 20230906160548.0
007 t|
008 030312s1960 sp ||||1| spa d
100 1 _aCastelló de Plandolit, Federico.
_936560
245 1 3 _aEl nuevo arte de criar gallinas /
_cpor Federico Castelló de Plandolit, José Antonio Castelló Llobet.
250 _a2ª ed.
260 _aBarcelona :
_bAedos,
_c[1960]
300 _a438 p. :
_bil. ;
_c20 cm.
490 1 _aBiblioteca Agrícola "Aedos" ;
_v1
650 4 _aGallinas.
_9169078
700 1 _aCastelló Llobet, José Antonio.
_936562
830 0 _aBiblioteca Agrícola "Aedos" ;
_v1
_9183880
852 _aES-MaACL
_jF-14061
_bR.47995
999 _c42168
_d42168